000
00291nam a22001337a 4500
020
_a
978-0-7515-3540-2
082
_a
823
_b
SPA/G
100
_a
SPARKS,NICHOLAS
245
_a
THE GUARDIAN
260
_a
AMERICA
_b
WARNER BOOKS
300
_a
447
650
_a
ENGLISH NOVEL
_z
AMERICA
942
_c
BK
999
_c
3285
_d
3285